Quizzes
Events
Quiz Creation
Community
Videos
Private Events
Remove Ads
Sign In
Join for FREE
Feedback
Dark Mode
Quiz Categories
Sports
Geography
Music
Movies
Television
Just For Fun
Miscellaneous
History
Literature
Language
Science
Gaming
Entertainment
Religion
Holiday
For Kids
Quiz Lab
Recent
Popular Today
Quiz Kudos Today
Editor Picks
Curator Picks
Quizzes by...
Day
Popularity
Type
Ratings
Length
Year
Community
Subscriptions
Recent Discussions
Orange Saloon
Badges
Playlists
Quests
Create
Leaderboards
Showdown
Live 5
Trivia Bingo
Activity
Puzzle Library
Sporcle Events
Private Events
Virtual Trivia
Globe League
Become a Host
Pub Owners
SporcleCon
Opinionation
Our Games
Videos
Blog
Mobile Apps
Partnerships
Remove Ads and Go Orange
Feedback
Movies
Disney
Marvel Cinematic Universe
Movie Resume
Movie Titles
Oscar
Actor
Actress
Director
Pixar
Role
Movie Quotes
Movie Characters
Box Office
Nominee
Best Picture
Star Wars
James Bond
Horror Movies
Movies
Disney
Marvel Cinematic Universe
Movie Resume
Movie Titles
Oscar
Actor
Actress
Director
Pixar
Role
Movie Quotes
Movie Characters
Box Office
Nominee
Best Picture
Star Wars
James Bond
Horror Movies
Random Quiz
Search Sporcle
×
Quiz Lab
Quiz Lab
Movies
Disney
Type in answers that appear in a list
Type in answers that appear in a list
Classic
Best Score? Go Orange.
Disney Movies Stats
Can you name the Disney Movies(Animated, Hybrid and Pixar)
By
versch97
10m
49 Questions
93 Plays
93 Plays
93 Plays
Comments
Comments
Give Quiz Kudos
Give Quiz Kudos
-
- Ratings
hide this ad
Replay
Link that replays current quiz
Next Quiz
Link to next quiz in quiz playlist
You Got
0%
They Got
Avg Score
47%
Avg Friend Score
Upgrade to see
Score Distribution
Jump to the score distribution portion of the page
Score
0/49
Timer
10:00
0
Plays Today
Hint
Answer
% Correct
1937
Snow White and the Seven Dwarfs
83.9%
1940
Fantasia
75.3%
1950
Cinderella
71%
1995
Toy Story
69.9%
1941
Dumbo
67.7%
1942
Bambi
66.7%
1999
Toy Story 2
65.6%
1992
Aladdin
63.4%
2010
Toy Story 3
63.4%
2013
Frozen
63.4%
1959
Sleeping Beauty
59.1%
1989
The Little Mermaid
58.1%
1998
Mulan
58.1%
2010
Tangled
57%
2012
Brave
57%
1991
Beauty and the Beast
55.9%
1994
The Lion King
54.8%
2009
The Princess and the Frog
54.8%
1955
Lady and the Tramp
53.8%
1995
Pocahontas
53.8%
1961
101 Dalmatians
48.4%
1999
Tarzan
48.4%
1999
Fantasia 2000
48.4%
1951
Alice in Wonderland
47.3%
1970
The Aristocats
47.3%
Hint
Answer
% Correct
2001
Monsters Inc.
47.3%
1967
The Jungle Book
46.2%
1973
Robin Hood
46.2%
1996
The Hunchback of Notre Dame
46.2%
2009
Up
46.2%
1997
Hercules
45.2%
1963
The Sword in the Stone
44.1%
1977
The Rescuers
44.1%
1964
Mary Poppins
43%
1981
The Fox and the Hound
43%
1990
The Rescuers Down Under
40.9%
2007
Ratatouille
40.9%
1988
Oliver and Company
39.8%
1985
The Black Cauldron
35.5%
1986
The Great Mouse Detective
34.4%
1940
Pinnochio
31.2%
1977
The Many Adventures of Winnie the Pooh
30.1%
1971
Bedknobs and Broomsticks
28%
1977
Pete's Dragon
25.8%
1946
Song of the South
24.7%
1995
A Goofy Movie
19.4%
2008
Tinker Bell
10.8%
1987
The Brave Little Toaster
7.5%
1953
Peter Man
5.4%
Quiz Playlist
Details
Report
Send in Message
Add To Playlist
Classic:
Type in answers that appear in a list
Last Updated: Feb 16, 2017
Quiz Scoreboard
CHALLENGE
Sign Up to Join the Scoreboard
Show All
Scores
Hide
Comments
May contain spoilers
Recently Published
TV Characters by Other Roles V
by ghcgh
Television
5m
Decade Duel: World Leaders
by jenniferyan
History
4m
Alphabetical 'K' Countries by Flag Minefield
by ylime102
Geography
3m
More to Explore
Quiz From the Vault
Featured Blog Post
15 Basketball Trivia Facts You Can Be March Mad About
hide this ad
You Might Also Like...
Tags
Animation Quiz
Disney Quiz
Pixar Quiz
Hybrid
Today's Top Quizzes in Movies
Browse Movies
hide this ad
Today's Top Quizzes in Disney
Browse Disney
Top Contributed Quizzes in Movies
1
Pick 6: Harry Potter
2
Pick 6: Movie Franchises
3
Pick 6: Actors
4
Pick 6: Actresses
5
Pick 6: Disney Princesses
6
Movies of the Seasons
7
Match The President To The Fictional Crisis
8
Decade Duel: Best Picture Winner
9
Decade Duel: Disney Animated Movies
10
Seasonal Films
Explore More
Trending Topics
Crossword
Anime
NBA
Marvel
Kpop
Disney
Harry Potter
Song
NFL
The Office
Country
WWE
Soccer
Puzzle
Pokémon
hide this ad
More By:
versch97
Quiz
Plays
Rating
Category
Featured
Created
Disney Movies
93
4.00
Movies
Mar 4, 2014
The Devil and Tom Walker
38
Literature
Feb 11, 2014
Go to Creator's Profile
Score Distribution
Quiz Creator Spotlight
versch97
Follow
Send a Message
Quizzes Created
-
Created Quiz Play Count
-
More By This Creator
Popular Quizzes Today
1
Countries of Asia Without Outlines Minefield
2
Find the US States - No Outlines Minefield
3
Pick 6: Fruits
4
The Countries of the World
5
Alphabetical 'K' Countries by Flag Minefield
6
Find the Countries of Europe - No Outlines Minefield
7
US States
8
Find the US States
More Movies Quizzes
Animation by F-I-L-M
Published
Trending Quizzes
Pick 6: Mountains
Pick 6: Harry Potter
Pick 6: Flags
Pick 6: NFL Teams
Pick 6: Movie Franchises
Recently Updated
Adaptations: Name the Title
pecheneg
NWSL Teams
pecheneg
Women's Final Four Teams by Year
bhenderson79
Presidents Quartet II
eogle
Anything But Clue(do)
eogle
Anything But Oceanian Capitals
eogle
Anything But 7
eogle
Anything But Thing
eogle
Word Ladder: February 29
pecheneg
Song Title Questions
pecheneg
Trending Topics
Disney
Marvel
Anime
Kpop
NBA
Crossword
Harry Potter
The Office
Pokémon
WWE
Country
Soccer
NFL
Song
Puzzle
Your Account Isn't Verified!
In order to create a playlist on Sporcle, you need to verify the email address you used during registration. Go to your
Sporcle Settings
to finish the process.
Report this User
Report this user for behavior that violates our
Community Guidelines
.
Details:
Send Report
Go to the Sporcle.com Mobile Site →
Comments